<?xml version="1.0" encoding="UTF-8"?>
<record
    xmlns:xsi="http://www.w3.org/2001/XMLSchema-instance"
    xsi:schemaLocation="http://www.loc.gov/MARC21/slim http://www.loc.gov/standards/marcxml/schema/MARC21slim.xsd"
    xmlns="http://www.loc.gov/MARC21/slim">

  <leader>01729nam a2200265 i 4500</leader>
  <controlfield tag="001">000037999</controlfield>
  <controlfield tag="003">DO-SdBNP</controlfield>
  <controlfield tag="005">20241029141642.0</controlfield>
  <controlfield tag="007">ta</controlfield>
  <controlfield tag="008">130311e2012    dr ahoc       000 0 spa d</controlfield>
  <datafield tag="020" ind1=" " ind2=" ">
    <subfield code="a">9789945877564</subfield>
  </datafield>
  <datafield tag="040" ind1=" " ind2=" ">
    <subfield code="a">DO-SdBNP</subfield>
    <subfield code="b">spa</subfield>
    <subfield code="c">BNPHU</subfield>
    <subfield code="e">rda</subfield>
  </datafield>
  <datafield tag="082" ind1=" " ind2="4">
    <subfield code="a">xxx</subfield>
    <subfield code="b">C929h</subfield>
    <subfield code="2">22</subfield>
  </datafield>
  <datafield tag="245" ind1="0" ind2="3">
    <subfield code="a">El crimen de la Hacienda Mar&#xED;a :</subfield>
    <subfield code="b">expediente de extradici&#xF3;n de Ramfis Trujillo y compartes /</subfield>
    <subfield code="c">Introducci&#xF3;n, Franklin Franco</subfield>
  </datafield>
  <datafield tag="264" ind1=" " ind2="4">
    <subfield code="a">Santo Domingo :</subfield>
    <subfield code="b">Museo Memorial de la Resistencia Dominicana,</subfield>
    <subfield code="c">2012.</subfield>
  </datafield>
  <datafield tag="300" ind1=" " ind2=" ">
    <subfield code="a">532 p&#xE1;ginas ;</subfield>
    <subfield code="b">Ilustraciones, facs&#xED;mil, retratos ;</subfield>
    <subfield code="c">26 cm.</subfield>
  </datafield>
  <datafield tag="336" ind1=" " ind2=" ">
    <subfield code="a">texto</subfield>
    <subfield code="b">txt</subfield>
    <subfield code="2">rdacontent</subfield>
  </datafield>
  <datafield tag="337" ind1=" " ind2=" ">
    <subfield code="a">sin mediaci&#xF3;n</subfield>
    <subfield code="b">n</subfield>
    <subfield code="2">rdamedia</subfield>
  </datafield>
  <datafield tag="338" ind1=" " ind2=" ">
    <subfield code="a">volumen</subfield>
    <subfield code="b">nc</subfield>
    <subfield code="2">rdacarrier</subfield>
  </datafield>
  <datafield tag="500" ind1=" " ind2=" ">
    <subfield code="a">Incluye &#xED;ndice onom&#xE1;stico</subfield>
  </datafield>
  <datafield tag="505" ind1=" " ind2=" ">
    <subfield code="a">Presentaci&#xF3;n-- </subfield>
    <subfield code="t"> Introducci&#xF3;n--</subfield>
    <subfield code="t">Sobre la transcripci&#xF3;n-- </subfield>
    <subfield code="t">Presentaci&#xF3;n del expediente-- </subfield>
    <subfield code="t">Solicitud de extradici&#xF3;n--</subfield>
    <subfield code="t">- Fotograf&#xED;as de los h&#xE9;roes--</subfield>
    <subfield code="t">I. Inicio del proceso-- </subfield>
    <subfield code="t">II. Interrogatorios hechos a inculpados-- </subfield>
    <subfield code="t">III. Testimonios--</subfield>
    <subfield code="t"> IV. Fotograf&#xED;as y datos personales de los inculpados, mandamientos dictados contra estos de acuerdo con el procedimiento criminal dominicano y piezas relativas a la ejecuci&#xF3;n de los mismos-- </subfield>
    <subfield code="t">V. Defunciones de las v&#xED;ctimas--</subfield>
    <subfield code="t"> VI. Certificaciones que dan autenticidad a las copias que constituyen el presente expediente sobre extradici&#xF3;n y sobre las firmas de los funcionario judiciales actuantes-- </subfield>
    <subfield code="t">VII. Exposici&#xF3;n judicial sumario de los hechos, autos, piezas relativas a la tramitaci&#xF3;n de este expediente sobre extradici&#xF3;n e &#xED;ndice del mismo.</subfield>
  </datafield>
  <datafield tag="590" ind1=" " ind2=" ">
    <subfield code="a">Inventariado 2023 / MF</subfield>
  </datafield>
  <datafield tag="700" ind1="1" ind2=" ">
    <subfield code="a">Franco, Franklin J.,</subfield>
    <subfield code="d">1936-</subfield>
    <subfield code="e">Introducci&#xF3;n</subfield>
    <subfield code="4">int.</subfield>
    <subfield code="9">34417</subfield>
  </datafield>
  <datafield tag="942" ind1=" " ind2=" ">
    <subfield code="2">ddc</subfield>
    <subfield code="c">LBS1</subfield>
  </datafield>
  <datafield tag="952" ind1=" " ind2=" ">
    <subfield code="0">0</subfield>
    <subfield code="1">0</subfield>
    <subfield code="2">ddc</subfield>
    <subfield code="5">1</subfield>
    <subfield code="7">0</subfield>
    <subfield code="8">PD</subfield>
    <subfield code="a">BNPHU</subfield>
    <subfield code="b">BNPHU</subfield>
    <subfield code="c">CT</subfield>
    <subfield code="d">2013-02-11</subfield>
    <subfield code="e">Dep&#xF3;sito Legal </subfield>
    <subfield code="l">0</subfield>
    <subfield code="o"> BNPHU PD </subfield>
    <subfield code="p">37999-10</subfield>
    <subfield code="r">2020-06-25</subfield>
    <subfield code="w">2020-06-25</subfield>
    <subfield code="y">LBS1</subfield>
    <subfield code="Z">No se presta</subfield>
  </datafield>
  <datafield tag="952" ind1=" " ind2=" ">
    <subfield code="0">0</subfield>
    <subfield code="1">0</subfield>
    <subfield code="2">ddc</subfield>
    <subfield code="5">1</subfield>
    <subfield code="7">0</subfield>
    <subfield code="8">PD</subfield>
    <subfield code="a">BNPHU</subfield>
    <subfield code="b">BNPHU</subfield>
    <subfield code="c">CT</subfield>
    <subfield code="d">2020-06-22</subfield>
    <subfield code="e">Compra </subfield>
    <subfield code="l">0</subfield>
    <subfield code="o">BNPHU PD C929h</subfield>
    <subfield code="p">2023-5437</subfield>
    <subfield code="r">2023-08-18</subfield>
    <subfield code="t">e.2</subfield>
    <subfield code="w">2023-08-18</subfield>
    <subfield code="y">LBS1</subfield>
  </datafield>
  <datafield tag="952" ind1=" " ind2=" ">
    <subfield code="0">0</subfield>
    <subfield code="1">0</subfield>
    <subfield code="2">ddc</subfield>
    <subfield code="5">6</subfield>
    <subfield code="7">0</subfield>
    <subfield code="8">DS</subfield>
    <subfield code="a">BNPHU</subfield>
    <subfield code="b">BNPHU</subfield>
    <subfield code="c">CT</subfield>
    <subfield code="d">2024-10-29</subfield>
    <subfield code="e">Donado por la Presidencia de la Rep&#xFA;blica Dominicana 2023.</subfield>
    <subfield code="l">0</subfield>
    <subfield code="o">BNPHU DS C929h</subfield>
    <subfield code="p">2024-6240</subfield>
    <subfield code="r">2024-10-29</subfield>
    <subfield code="t">e.3</subfield>
    <subfield code="w">2024-10-29</subfield>
    <subfield code="y">LBS1</subfield>
    <subfield code="z">Perteneci&#xF3; a la biblioteca personal de Emilio Cordero Michel.</subfield>
  </datafield>
  <datafield tag="999" ind1=" " ind2=" ">
    <subfield code="c">37489</subfield>
    <subfield code="d">37489</subfield>
  </datafield>
</record>
